Heat and waves : (Record no. 192541)

MARC details
000 -LEADER
fixed length control field 00573nam a22001817a 4500
005 - DATE AND TIME OF LATEST TRANSACTION
control field 20230921142055.0
010 ## - LCCN (DPL NO)
LC control number ENG-135202
020 ## - INTERNATIONAL STANDARD BOOK NUMBER
Terms of availability 395.00
International Standard Book Number 978-93-89691-86-3
035 ## - SYSTEM CONTROL NUMBER
System control number EN-118733
037 ## - SOURCE OF ACQUISITION
Source of stock number/acquisition DBAD/PUB
082 ## - DEWEY DECIMAL CLASSIFICATION NUMBER
Edition number 530.4
100 ## - MAIN ENTRY--PERSONAL NAME
Personal name Bahety, Sanjay K.
245 ## - TITLE STATEMENT
Title Heat and waves :
Remainder of title For NEET (NTA) /
Statement of responsibility, etc Sanjay K. Bahety
260 ## - PUBLICATION, DISTRIBUTION, ETC. (IMPRINT)
Place of publication, distribution, etc Chennai
Name of publisher, distributor, etc Mc Graw Hill
Date of publication, distribution, etc 2020
270 ## - ADDRESS
City Chennai
Address 444/1, Ekambara Naicker Industrial Estate, Alapakkam, Porur
Postal code 600116
300 ## - PHYSICAL DESCRIPTION
Extent various pages
Dimensions 24cm(pbk)
942 ## - ADDED ENTRY ELEMENTS (KOHA)
Source of classification or shelving scheme Dewey Decimal Classification
Item type English Books
Classification part 530.4
Call number suffix BAT
Holdings
Withdrawn status Lost status Not for loan Collection code Home library Current library Date acquired Source of acquisition Cost, normal purchase price Full call number Barcode Copy number Cost, replacement price Koha item type
      Non-fiction D.B.Act.Division Mobile Library 26/09/2022 DBAD/PUB 395.00 530.4 BAT EN-118734 1 395.00 English Books

© Delhi Public Library
Hit Counter
free hit counter